Investigación empírica sobre relaciones entre la información financiera y socioambiental brindada por empresas en Argentina (Registro nro. 17880)

Detalles MARC
000 -LEADER
fixed length control field 00502 a2200133 4500
001 - CONTROL NUMBER
control field ART_49062
005 - DATE AND TIME OF LATEST TRANSACTION
control field 20260410161731.0
008 - FIXED-LENGTH DATA ELEMENTS--GENERAL INFORMATION
fixed length control field 260409a
100 1# - MAIN ENTRY--PERSONAL NAME
Personal name Larramendy, Elsa
245 10 - TITLE STATEMENT
Title Investigación empírica sobre relaciones entre la información financiera y socioambiental brindada por empresas en Argentina
700 1# - ADDED ENTRY--PERSONAL NAME
Personal name Tellechea, Pamela
700 1# - ADDED ENTRY--PERSONAL NAME
Personal name Tobes, M. Luciana
773 0# - HOST ITEM ENTRY
Title Escritos contables y de administración
Related parts - Vol. 9, Nº 1 (ene./jun. 2018)
Record control number REV2758

No hay ítems disponibles.